000 00889cam a22002655a 4500
001 17397315
003 Nust- CAS-E
005 20180118181400.0
008 120723s2012 nyu 000 0 eng
010 _a 2012945006
020 _a9781441987945
040 _aDLC
_cDLC
_dDLC
042 _apcc
082 _a381.45
_bGRI 2012
100 1 _aGrimm, Christoph.
245 1 0 _aEmbedded systems for smart appliances and energy management /
_cChristoph Grimm.
260 _aNew York :
_bSpringer,
_c2012.
263 _a1208
300 _ap. cm.
856 4 2 _3Publisher description
_uhttp://www.loc.gov/catdir/enhancements/fy1316/2012945006-d.html
856 4 1 _3Table of contents only
_uhttp://www.loc.gov/catdir/enhancements/fy1316/2012945006-t.html
906 _a0
_bibc
_corignew
_d2
_eepcn
_f20
_gy-gencatlg
942 _2ddc
_cBK
999 _c355406
_d355406